000
00264nam a22000857a 4500
008
240516b ||||| |||| 00| 0 eng d
100
_a
Robert A Siegel
245
_a
Jenny 95 - The highest graded example of the 1918 24-cent inverted jenny
650
_a
Inverted Jenny|Jenny
999
_c
3596
_d
3596